| 000 | 00520nam a22001457a 4500 | ||
|---|---|---|---|
| 003 | OSt | ||
| 005 | 20150916173406.0 | ||
| 008 | 150916b xxu||||| |||| 00| 0 eng d | ||
| 040 | _cRUA | ||
| 082 | _aAGR NOP 1999 BOO25 Or.1 | ||
| 100 |
_9627 _aNOP, THUNVUTH |
||
| 245 | _aSTUDY ON CIDSE'S SVAY RIENG INTEGRATED COMMMUNITY DEVERLOPMENT PROGRAME,(ការអនុវឌ្ឍន៍សហគមន៍ចំរុះបស់ស៊ីដសេ-ស្វាយរាង). | ||
| 260 |
_aPHNOM PHEN _bRUA _c1999 |
||
| 942 |
_2ddc _cAGR |
||
| 999 |
_c601 _d601 |
||